Les Simpson - Prénoms des habitants - Statistiques

Statistiques générales
  • Ce quiz a été pris 138 fois
  • Le résultat moyen est 6 sur 10
Statistiques - réponses
Question Réponse % Correct
Qui se cache derrière le nom d'Eleanor Abernathy ? La folle aux chats
88%
Quelle activité exerce Horatio McCallister à Springfield ? Il est capitaine de bateau
75%
Comment s'appelle le psychologue de l'école ? le Dr. Loren Pryor
63%
Comment s'appelle l'enfant adoptée de Selma ? Ling
63%
Comment s'appelle la femme de Gros Tony ? Anna Maria
50%
Comment s'appelle le journaliste en hélicoptère qui apparaît occasionnellement en duplex avec Kent Brockman ? Arnie
50%
Quel est le nom du bébé rival de Maggie ? Gerald
50%
Comment s'appelle le neveu de Krusty le Clown ? Josh
50%
Quel est le véritable prénom de Duffman ? Barry
38%
Qui possède un permis de conduire comportant le nom de Ralph Melish ? Hans Taupeman
25%
Aucun quiz correspondant
Distribution des résultats
% des personnes avec chaque résultat
Percentile par nombre de réponses
Votre historique - résultats
Vous n’avez pas pris ce quiz